000 00264nam a2200109Ia 4500
005 20251222144728.0
008 251222s9999||||xx |||||||||||||| ||spa||
082 _a210/A51
100 _aAlzamora Revoredo, Oscar
245 0 _aMinisterio de Salvación:
942 _cLIB
999 _c18476
_d18476